000 00761nam a2200217 i 4500
001 55672
003 ES-MaACL
005 20230906163207.0
007 t|
008 030925s1962 sp ||||1| spa d
100 1 _aDesviat Cejudo, Manuel.
_943962
245 1 0 _aManual de rehabilitación en polioterapia y suspensión /
_cM. Desviat Cejudo ; con la colaboración de A. Alvarez Valencia ; prólogo de P. Lambert ; prefacio de A. San Martín.
260 _aMadrid :
_bLibrería Científico Médica,
_c1962.
300 _a107 p. :
_bil. ;
_c21 cm.
650 4 _aRehabilitación.
_9161940
700 1 _aAlvarez Valencia, A.
_920989
700 1 _aLambert, P.
_969817
700 1 _aSan Martín, A.
_9203080
852 _aES-MaACL
_jC-20633
999 _c55672
_d55672